000 00647nam a2200241Ia 4500
003 OSt
005 20221005092910.0
006 a|||||r|||| 00| 0
007 ta
008 221004b |||||||| |||| 00| 0 eng d
024 _a61157
037 _cTextual
040 _aCRL
_cCRL
_beng
041 _2eng
_aeng
082 _aO111973,1M19w, H1
100 _aDeutsch Babette
245 0 _aWalt Whitman
_b Poet of democracy
260 _aNew York
_bStudent Edition
_c1941
300 _a256p.
_ccm.
650 _aENGLISH LITERATURE
942 _hO111973,1M19w, H1
_cTEXL
_2cc
999 _c999542
_d999542